Memorias de la Real Academia de Ciencias Morales y Políticas (Record no. 172581)

MARC details
000 -LEADER
campo de control de longitud fija 02797nas a2200301 i 4500
001 - NÚMERO DE CONTROL
campo de control 172581
003 - IDENTIFICADOR DE NÚMERO DE CONTROL
campo de control ES-MaACL
005 - FECHA Y HORA DE LA ÚLTIMA TRANSACCIÓN
campo de control 20250928145928.0
007 - CAMPO FIJO DE DESCRIPCIÓN FÍSICA--INFORMACIÓN GENERAL
campo de control de longitud fija t|
008 - DATOS DE LONGITUD FIJA--INFORMACIÓN GENERAL
campo de control de longitud fija 090722c1867 sp a| | 1 ||pa d
080 ## - NÚMERO DE LA CLASIFICACIÓN DECIMAL UNIVERSAL
Número de la Clasificación Decimal Universal 3 : 061.12(460)
110 2# - ENTRADA PRINCIPAL--NOMBRE DE ENTIDAD CORPORATIVA
Nombre de entidad corporativa o nombre de jurisdicción como elemento de entrada Real Academia de Ciencias Morales y Políticas (España)
9 (RLIN) 222050
245 10 - MENCIÓN DEL TÍTULO
Título Memorias de la Real Academia de Ciencias Morales y Políticas
Fechas predominantes 1867.
260 ## - PUBLICACIÓN, DISTRIBUCIÓN, ETC.
Lugar de publicación, distribución, etc. Madrid :
Nombre del editor, distribuidor, etc. [s. n.],
Fecha de publicación, distribución, etc. 1867 (
Fabricante Imp. Nacional)
300 ## - DESCRIPCIÓN FÍSICA
Extensión 1 v. ;
Dimensiones 26 cm.
505 8# - NOTA DE CONTENIDO CON FORMATO
Nota de contenido con formato Contiene: T. II: Resumen de las actas de la Academia, leído el 12 de enero de 1962 / Pedro Gómez de la Serna (16 p.). De los principios tradicional y racional y de sus respectivas ventajas y desventajas / Antonio Alcalá Galiano (p. 17-44). Resumen de las actas de la Academia, leído el 10 de junio de 1866 / Pedro Gómez de la Serna, Antonio Benavides (p. 45-78). El Imperio Austriaco y su nuevo gobierno constitucional / Santiago de Tejada (p. 79-124). Del estado de la opinión en Inglaterra en cuestiones religiosas y políticas / Antonio Alcalá Galiano (p. 125-134). Noticia de Francisco Martínez de la Mata y sus escritos / Manuel Colmeiro (p. 135-144). De la intervención del clero en la enseñanza pública / Miguel Sanz Lafuente (p. 135- 186). Informes sobre algunos trabajos de la Academia de Ciencias Morales y Políticas y el Instituto Imperial de Francia / Modesto Lafuente (p. 187-202). Reducción de días festivos por acuerdo de ambas supremas potestades / Miguel Sanz Lafuente (p. 203-222). Ensayo sobre la prisión por deudas / Florencio Rodríguez Vaamonde (p. 223-260). El angli-catolicismo y el ritualismo en Inglaterra / Francisco de Cárdenas (p. 261-284). Algunas noticias acerca de los progresos y estado actual de la legislación civil y penal en Inglaterra / Francisco de Cárdenas (p. 285-302). Influencia de los matrimonios entre parientes consanguíneos en la salud de los hijos que nacen de ellos / Francisco de Cárdenas (p. 303-400). Berryer: memoria / Santiago de Tejada (p. 401-426). Estado político, económico y de la administración de justicia en los Estados Unidos de América / Florencio Rodríguez Vaamonde (p. 427-448). Progreso del ritualismo en Inglaterra / Francisco de Cárdenas
700 1# - ENTRADA AGREGADA--NOMBRE PERSONAL
Nombre de persona Benavides, Antonio,
Fechas asociadas al nombre 1808-1884
9 (RLIN) 27448
700 1# - ENTRADA AGREGADA--NOMBRE PERSONAL
Nombre de persona Alcalá Galiano, Antonio,
Fechas asociadas al nombre 1789-1865
9 (RLIN) 19459
700 1# - ENTRADA AGREGADA--NOMBRE PERSONAL
Nombre de persona Tejada, Santiago de.
9 (RLIN) 133165
700 1# - ENTRADA AGREGADA--NOMBRE PERSONAL
Nombre de persona Colmeiro, Manuel (
Fechas asociadas al nombre 1818-1894)
9 (RLIN) 39768
700 1# - ENTRADA AGREGADA--NOMBRE PERSONAL
Nombre de persona Sanz Lafuente, Miguel,
Fechas asociadas al nombre 1804-1880
9 (RLIN) 132464
700 1# - ENTRADA AGREGADA--NOMBRE PERSONAL
Nombre de persona Lafuente, Modesto,
Fechas asociadas al nombre 1806-1866
9 (RLIN) 69535
700 1# - ENTRADA AGREGADA--NOMBRE PERSONAL
Nombre de persona Rodríguez Vaamonde, Florencio.
9 (RLIN) 98847
700 1# - ENTRADA AGREGADA--NOMBRE PERSONAL
Nombre de persona Cárdenas, Francisco de,
Fechas asociadas al nombre 1816-1898
9 (RLIN) 35138
700 1# - ENTRADA AGREGADA--NOMBRE PERSONAL
Nombre de persona Gómez de la Serna, Pedro.
9 (RLIN) 57900
852 ## - LOCALIZACIÓN
Ubicación ES-MaACL
Número de control de estantería K-172
Holdings
Estatus retirado Estado de pérdida Estado de daño No para préstamo Colección Biblioteca de origen Biblioteca actual Ubicación en estantería Fecha de adquisición Total de préstamos Signatura topográfica completa Código de barras Visto por última vez Precio de reemplazo Tipo de ítem Koha
        Periódicos y Revistas Biblioteca del Ateneo de Madrid Biblioteca del Ateneo de Madrid Administración 22/07/2009   K-172 1181110 23/02/2023 23/02/2023 Revista